Films par synonymes - Statistics

General Stats
  • This quiz has been taken 51 times
  • The average score is 8 of 10
Answer Stats
Hint Answer % Correct
Les canines océaniques les dents de la mer
93%
Mère j'ai loupé mon train maman j'ai raté l'avion
93%
La beauté et le monstre la belle et la bête
88%
Le souverain félin le roi lion
88%
Le repas des abrûtis le dîner de cons
83%
Le conflit constellé la guerre des étoiles
78%
Une journée qui ne se termine pas un jour sans fin
76%
La ville de la terreur la cité de la peur
73%
Le joueur d'un instrument à cordes le pianiste
61%
Prétention et présomption orgueil et préjugés
46%
No matching quizzes found
Score Distribution
Percent of People with Each Score
Percentile by Number Answered
Your Score History
You have not taken this quiz